| 000 | 06809nam a22006617a 4500 | ||
|---|---|---|---|
| 005 | 20100428112244.0 | ||
| 008 | 100428t xxu||||| |||| 00| 0 eng d | ||
| 010 | _aB-421399-435 | ||
| 020 |
_c130.00 _a9788174824639 |
||
| 035 | _aB-421399-435 | ||
| 037 | _bUBH / VEN | ||
| 040 |
_adpl _bEnglish |
||
| 082 | _a000 | ||
| 100 |
_aLal _926876 |
||
| 245 |
_aUpkar's Railway recruitment board examination : _cby Dr. Lal and Jain _bobjective type questions / |
||
| 260 |
_aNew Delhi _bUpkar prakashan _c201? |
||
| 300 |
_aVarious paging; _c26cm(pbk) |
||
| 700 |
_aJain _926877 |
||
| 942 |
_2ddc _cEN _mLAL _h000 |
||
| 999 |
_c35471 _d35471 |
||